000 00298nam a22001337a 4500
008 180924b xxu||||| |||| 00| 0 eng d
020 _a08151989209
041 _aeng
080 _a574
100 _a9
101 _aMJE
245 _aFeeding And Greening The Wor;d
_cTribe.D
942 _2udc
_cBK
999 _c48345
_d48345